Les villes de France sous la neige en images - Statistiques

Statistiques générales
  • Ce quiz a été pris 79 fois
  • Le résultat moyen est 11 sur 15
Statistiques - réponses
Par images Réponse % Correct
Paris
100%
Marseille
94%
Nîmes
91%
Le Mont-Saint-Michel
88%
Nice
81%
Lyon
77%
Carcassonne
71%
Strasbourg
70%
La Rochelle
69%
Lille
69%
Toulouse
57%
Angers
55%
Perpignan
48%
Biarritz
45%
Nancy
43%
Aucun quiz correspondant
Distribution des résultats
% des personnes avec chaque résultat
Percentile par nombre de réponses
Votre historique - résultats
Vous n’avez pas pris ce quiz